[Event "Santo Domingo op 08"]
[Site "Santo Domingo"]
[Date "2019.08.13"]
[Round "2"]
[White "Villegas Encarnacion, Joel"]
[Black "Hernandez Lora, Angel Miguel"]
[Result "1-0"]
[WhiteElo "1802"]
[BlackElo "1212"]
[PlyCount "29"]
[EventDate "2019.08.12"]
[EventType "swiss"]
[EventRounds "8"]
[EventCountry "DOM"]
[SourceTitle "EXT 2020"]
[Source "ChessBase"]
[SourceDate "2019.10.17"]
[SourceVersion "1"]
[SourceVersionDate "2019.10.17"]
[SourceQuality "1"]

1. f4 Nf6 2. Nf3 g6 3. e3 Bg7 4. Nc3 Nc6 5. b3 0-0 6. Bb2 e6 7. Be2 b6 8. 0-0 Bb7 9. Ng5 h6 10. Nf3 d5 11. Bb5 Ne4 12. Na4 Bxb2 13. Nxb2 f6 14. Bxc6 Bxc6 15. Nd4 1-0

[Event "Santo Domingo Independencia op"]
[Site "Santo Domingo"]
[Date "2018.02.16"]
[Round "1"]
[White "Jaquez, Juan Manuel"]
[Black "Villegas Encarnacion, Joel"]
[Result "1-0"]
[WhiteElo "2158"]
[BlackElo "1748"]
[PlyCount "41"]
[EventDate "2018.02.16"]
[EventType "swiss"]
[EventRounds "8"]
[EventCountry "DOM"]
[SourceTitle "CBM 187 Extra"]
[Source "ChessBase"]
[SourceDate "2018.11.04"]
[SourceVersion "1"]
[SourceVersionDate "2018.11.04"]
[SourceQuality "1"]

1. e4 c5 2. Nf3 Nc6 3. d4 cxd4 4. Nxd4 Qc7 5. Nc3 g6 6. Ndb5 Qa5 7. Bd2 Qb4 8. Nc7+ Kd8 9. Nxa8 b6 10. Nc7 Bg7 11. N7d5 Qxb2 12. a3 Nd4 13. Ra2 Nxc2+ 14. Qxc2 Qxc2 15. Rxc2 e6 16. Ne3 Ne7 17. Nb5 a6 18. Nd6 Rf8 19. Nxc8 Nxc8 20. Bxa6 Na7 21. Bb4 1-0